000 00988cam a22002655a 4500
001 L159296
008 160519s2016 xxk f 000 0 eng d
020 _a9781119084228
035 _a(Sirsi) u159296
041 0 _aeng
100 1 _aShapiro, Ian
245 0 0 _aEnergy audits and improvements for commercial buildings
_h[electronic resource]
260 _aLondon
_bJohn Wiley & Sons Inc
_c2016
520 _aProvides a comprehensive guide to delivering deep and measurable energy savings and carbon emission reductions in commercial buildings.
590 _aKA
650 2 4 _aENERGY AUDITS
650 2 4 _aENVIRONMENTAL AND LAND CONSULTANCY-ENERGY-ENERGY USE-ENERGY EFFICIENCY
651 4 _aUnited Kingdom
_y
690 _aEnergy
_96237
690 _aCommercial property
_96227
690 _aSustainability
_96271
690 _aFacilities management
_96240
856 4 0 _uhttps://www.vlebooks.com/
_zView on VLEbooks. Logins for members only from [email protected]
942 _n0
999 _c115786
_d115786